[Event "European Team-ch 2007 Femenino"]
[Site "Creta GRE"]
[Date "2007.10.31"]
[Round "4.6"]
[White "Velcheva, Maria"]
[Black "Makropoulou, Marina"]
[Result "1/2-1/2"]
[WhiteElo "2255"]
[BlackElo "2243"]
[PlyCount "86"]
[EventDate "2007.10.28"]
[EventType "team"]
[EventRounds "9"]
[EventCountry "GRE"]
[Source "lmi"]
[SourceDate "2007.10.28"]
[WhiteTeam "Bulgaria"]
[BlackTeam "Greece"]
[WhiteTeamCountry "BUL"]
[BlackTeamCountry "GRE"]

1. e4 e5 2. Nf3 Nc6 3. d4 exd4 4. Nxd4 Bb4+ 5. c3 Bc5 6. Be3 Bb6 7. Nf5 g6 8.
Bxb6 axb6 9. Ne3 Nf6 10. f3 O-O 11. Be2 d6 12. O-O Re8 13. c4 Nh5 14. Nd5 Ne7
15. Nxe7+ Qxe7 16. Nc3 Qe5 17. Kh1 Be6 18. g3 Qc5 19. Qd3 Nf6 20. a3 Qh5 21.
Nd5 Bxd5 22. cxd5 Qe5 23. Qb3 Re7 24. Bb5 h5 25. Rac1 h4 26. Qc3 hxg3 27. Qxe5
Rxe5 28. Rxc7 gxh2 29. Kxh2 Kg7 30. Kg2 Rh8 31. Rxb7 Rg5+ 32. Kf2 Rh2+ 33. Ke3
Rxb2 34. a4 Rgg2 35. Rd1 g5 36. Rxb6 g4 37. fxg4 Nxg4+ 38. Kd4 Rb4+ 39. Kc3
Rgb2 40. Rg1 R4b3+ 41. Kc4 Rb4+ 42. Kc3 R4b3+ 43. Kc4 Rb4+ 1/2-1/2

[Event "European Team-ch 2007 Femenino"]
[Site "Creta GRE"]
[Date "2007.10.31"]
[Round "4.6"]
[White "Fakhiridou, Ekaterini"]
[Black "Chilingirova, Pavlina"]
[Result "1-0"]
[WhiteElo "2270"]
[BlackElo "2231"]
[PlyCount "59"]
[EventDate "2007.10.28"]
[EventType "team"]
[EventRounds "9"]
[EventCountry "GRE"]
[Source "lmi"]
[SourceDate "2007.10.28"]
[WhiteTeam "Greece"]
[BlackTeam "Bulgaria"]
[WhiteTeamCountry "GRE"]
[BlackTeamCountry "BUL"]

1. e4 c5 2. Nf3 d6 3. d4 Nf6 4. Nc3 cxd4 5. Nxd4 a6 6. Be2 e6 7. O-O Be7 8. Be3
O-O 9. a4 Nc6 10. f4 Qc7 11. Kh1 Nxd4 12. Qxd4 e5 13. Qd2 exf4 14. Bxf4 Be6 15.
Nd5 Bxd5 16. exd5 Nd7 17. a5 Ne5 18. c4 Rac8 19. Bxe5 dxe5 20. b4 f5 21. c5 Qd7
22. d6 Bf6 23. Qd5+ Kh8 24. Rab1 g6 25. b5 axb5 26. Rxb5 Rc6 27. Rfb1 Rfc8 28.
Bc4 Qd8 29. Rxb7 Rxc5 30. Qf7 1-0

[Event "European Team-ch 2007 Femenino"]
[Site "Creta GRE"]
[Date "2007.10.31"]
[Round "4.7"]
[White "Cmilyte, Viktorija"]
[Black "Vega Gutierrez, Sabrina"]
[Result "1-0"]
[WhiteElo "2464"]
[BlackElo "2331"]
[PlyCount "142"]
[EventDate "2007.10.28"]
[EventType "team"]
[EventRounds "9"]
[EventCountry "GRE"]
[Source "lmi"]
[SourceDate "2007.10.28"]
[WhiteTeam "Lithuania"]
[BlackTeam "Espana"]
[WhiteTeamCountry "LTU"]
[BlackTeamCountry "ESP"]

1. d4 d5 2. c4 e6 3. Nc3 c6 4. e4 dxe4 5. Nxe4 Bb4+ 6. Bd2 Qxd4 7. Bxb4 Qxe4+
8. Be2 c5 9. Bc3 Ne7 10. Nf3 O-O 11. Qd2 Ng6 12. O-O-O Nc6 13. Bd3 Qf4 14. h4
Rd8 15. h5 Qxd2+ 16. Rxd2 Nge7 17. h6 g6 18. Bf6 e5 19. Nxe5 Nxe5 20. Bxe5 Nc6
21. Bg7 Be6 22. b3 Nb4 23. Be4 Rxd2 24. Kxd2 Rd8+ 25. Ke2 Re8 26. Kf3 Bc8 27.
Bb1 f6 28. Rd1 Kf7 29. Rd6 Be6 30. Be4 Ke7 31. Rd2 Nc6 32. Kf4 Rd8 33. Rxd8
Nxd8 34. g4 b6 35. g5 fxg5+ 36. Kxg5 Nf7+ 37. Kf4 Kd6 38. Bf8+ Kd7 39. f3 Ke8
40. Bg7 Ke7 41. Bd3 Kd6 42. Bf8+ Kd7 43. a3 a6 44. Bg7 Kd6 45. Bb1 Kd7 46. Bc2
Kd6 47. Bd3 Kd7 48. Bf8 Ke8 49. Bg7 Kd7 50. Be4 Kc7 51. Ke3 Nd6 52. Be5 Bg8 53.
Kf4 Kd7 54. Bxd6 Kxd6 55. Kg5 Ke7 56. Bb7 a5 57. a4 Be6 58. Be4 Bf7 59. f4 Bg8
60. f5 gxf5 61. Kxf5 Bf7 62. Ke5 Bh5 63. Bxh7 Bd1 64. Be4 Kf7 65. Bc6 Bxb3 66.
Bb5 Bc2 67. Kd6 Kf6 68. Kc6 Ke6 69. Kxb6 Kd6 70. Kxa5 Kc7 71. Be8 Kd8 1-0

[Event "European Team-ch 2007 Femenino"]
[Site "Creta GRE"]
[Date "2007.10.31"]
[Round "4.7"]
[White "Llaneza Vega, Patricia"]
[Black "Daulyte, Deimante"]
[Result "0-1"]
[WhiteElo "2272"]
[BlackElo "2222"]
[PlyCount "118"]
[EventDate "2007.10.28"]
[EventType "team"]
[EventRounds "9"]
[EventCountry "GRE"]
[Source "lmi"]
[SourceDate "2007.10.28"]
[WhiteTeam "Espana"]
[BlackTeam "Lithuania"]
[WhiteTeamCountry "ESP"]
[BlackTeamCountry "LTU"]

1. e4 c5 2. Nf3 d6 3. d4 cxd4 4. Nxd4 Nf6 5. Nc3 g6 6. Bc4 Bg7 7. O-O O-O 8.
Re1 Nc6 9. Nb3 Be6 10. Nd5 Nd7 11. c3 Rc8 12. Bf1 h6 13. a4 Nce5 14. Nd4 Bxd5
15. exd5 Nf6 16. f4 Ned7 17. c4 a5 18. Kh1 Nc5 19. Ra3 Nfe4 20. Rf3 e6 21. dxe6
Qh4 22. exf7+ Rxf7 23. g3 Qh5 24. Bg2 Re8 25. Kg1 d5 26. cxd5 Qxd5 27. Nb5 Qxd1
28. Rxd1 Nxa4 29. Bf1 Rfe7 30. Ra3 Nec5 31. Kf2 b6 32. Kf3 Nxb2 33. Rd6 Re1 34.
Bxb2 Rxf1+ 35. Kg2 Bxb2 36. Kxf1 Bxa3 37. Nxa3 Re6 38. Rd8+ Kf7 39. Kf2 Ke7 40.
Rh8 h5 41. Nb5 Ne4+ 42. Kf3 Nd6 43. Nc7 Re1 44. Nd5+ Kd7 45. Nxb6+ Kc6 46. Na4
Ra1 47. f5 Ra3+ 48. Kg2 gxf5 49. Rxh5 Rxa4 50. Rh8 Re4 51. Ra8 Kb6 52. Rd8 Kc5
53. h4 Re8 54. Rd7 Ra8 55. h5 a4 56. h6 a3 57. h7 Nb5 58. Rf7 a2 59. Rxf5+ Kc4
0-1

[Event "European Team-ch 2007 Femenino"]
[Site "Creta GRE"]
[Date "2007.10.31"]
[Round "4.7"]
[White "Zaksaite, Salomeja"]
[Black "Hernandez, Yudania"]
[Result "0-1"]
[WhiteElo "2228"]
[BlackElo "2263"]
[PlyCount "114"]
[EventDate "2007.10.28"]
[EventType "team"]
[EventRounds "9"]
[EventCountry "GRE"]
[Source "lmi"]
[SourceDate "2007.10.28"]
[WhiteTeam "Lithuania"]
[BlackTeam "Espana"]
[WhiteTeamCountry "LTU"]
[BlackTeamCountry "ESP"]

1. e4 d6 2. d4 Nf6 3. Nc3 g6 4. Nf3 Bg7 5. Be2 O-O 6. O-O Nc6 7. d5 Nb8 8. h3
c6 9. Be3 Nbd7 10. Re1 Qa5 11. Nd4 cxd5 12. Nb3 Qd8 13. exd5 Nb6 14. Bf1 Bf5
15. a4 Rc8 16. a5 Rxc3 17. bxc3 Nbxd5 18. Bd4 Qc7 19. g4 Be6 20. Qd2 Qd7 21. c4
Nc7 22. Bxa7 h5 23. f3 d5 24. Rad1 Qd6 25. Qf2 Qa3 26. Bc5 Qa4 27. Bxe7 dxc4
28. Nc5 Qxa5 29. Bxf8 Bxf8 30. Nxe6 Nxe6 31. Kh1 Nf4 32. Bxc4 Nxh3 33. Qh4 Ng5
34. f4 Qc3 35. Rd3 Qxc4 36. Qxg5 Nxg4 37. Re2 Qc6+ 38. Qd5 Qf6 39. Qg5 Qb6 40.
Kg2 Qc6+ 41. Qd5 Qf6 42. Rf3 Qh4 43. Rh3 Qf6 44. Qe4 Nh6 45. c4 b6 46. Qe5 Qc6+
47. Qd5 Qc7 48. Kf3 Qa7 49. Rh1 Nf5 50. Rd1 Qa3+ 51. Rd3 Qa1 52. Rd1 Qc3+ 53.
Rd3 Qf6 54. Qe5 Qh4 55. Rf2 Bc5 56. Rf1 Qg4+ 57. Ke4 Qe2+ 0-1

[Event "European Team-ch 2007 Femenino"]
[Site "Creta GRE"]
[Date "2007.10.31"]
[Round "4.7"]
[White "Trujillo Delgado, Dafnae"]
[Black "Batyte, Daiva"]
[Result "1-0"]
[WhiteElo "2243"]
[BlackElo "2198"]
[PlyCount "70"]
[EventDate "2007.10.28"]
[EventType "team"]
[EventRounds "9"]
[EventCountry "GRE"]
[Source "lmi"]
[SourceDate "2007.10.28"]
[WhiteTeam "Espana"]
[BlackTeam "Lithuania"]
[WhiteTeamCountry "ESP"]
[BlackTeamCountry "LTU"]

1. e4 e5 2. Nf3 Nf6 3. Nxe5 d6 4. Nf3 Nxe4 5. Nc3 Nxc3 6. dxc3 Be7 7. Bf4 Nc6
8. Qd2 a6 9. O-O-O h6 10. Bc4 Be6 11. Bxe6 fxe6 12. Qd3 O-O 13. Bxh6 Qe8 14.
Be3 Qh5 15. h4 Ne5 16. Nxe5 Qxe5 17. Rh3 Qf5 18. Qe2 Bf6 19. g4 Qa5 20. Kb1 Qb5
21. Qd2 Kf7 22. g5 Be7 23. Qd4 Qf5 24. Rg3 g6 25. Qc4 c5 26. Rg4 d5 27. Qe2 Bd6
28. h5 Rh8 29. h6 Raf8 30. Ra4 Ke7 31. Ra5 Rc8 32. c4 dxc4 33. Qxc4 b5 34. Qc3
Qf3 35. Qg7+ Qf7 1-0

[Event "European Team-ch 2007 Femenino"]
[Site "Creta GRE"]
[Date "2007.10.31"]
[Round "4.8"]
[White "Kulovana, Eva"]
[Black "Paehtz, Elisabeth"]
[Result "1-0"]
[WhiteElo "2305"]
[BlackElo "2452"]
[PlyCount "117"]
[EventDate "2007.10.28"]
[EventType "team"]
[EventRounds "9"]
[EventCountry "GRE"]
[Source "lmi"]
[SourceDate "2007.10.28"]
[WhiteTeam "Czech Republic"]
[BlackTeam "Germany"]
[WhiteTeamCountry "CZE"]
[BlackTeamCountry "GER"]

1. e4 e5 2. Nf3 Nc6 3. Bb5 a6 4. Ba4 Nf6 5. Bxc6 dxc6 6. d3 Nd7 7. O-O Be7 8.
Nbd2 O-O 9. Nc4 Bf6 10. b3 Re8 11. Bb2 c5 12. a4 a5 13. h3 b6 14. Nh2 Nf8 15.
Ng4 Ng6 16. g3 Be7 17. Kg2 f6 18. Nge3 Bf8 19. Qd2 Ne7 20. f4 exf4 21. Rxf4 Qd7
22. Ng4 h5 23. Nf2 Ng6 24. Rf5 Qf7 25. Rf3 Bd6 26. Rf1 Ne5 27. Nxe5 Bxe5 28.
Bxe5 Rxe5 29. Qf4 Qd7 30. g4 h4 31. Nd1 Bb7 32. Ne3 Rae8 33. Nc4 Rg5 34. Kh2
Qe7 35. Ne3 Qe5 36. Nf5 Qxf4+ 37. Rxf4 Bc6 38. Nxh4 Rge5 39. Nf3 R5e7 40. Nd2
Bd7 41. Nc4 Be6 42. Kg3 Bxc4 43. bxc4 Re5 44. h4 Kh7 45. Rf5 Kg6 46. Kf4 Rxf5+
47. gxf5+ Kf7 48. h5 Rh8 49. Rh1 Ke7 50. c3 Rd8 51. Ke3 Rh8 52. d4 Kf7 53. e5
fxe5 54. dxe5 Rh6 55. Kf4 Rh8 56. Kg5 Rd8 57. h6 gxh6+ 58. Rxh6 Rg8+ 59. Rg6
1-0

[Event "European Team-ch 2007 Femenino"]
[Site "Creta GRE"]
[Date "2007.10.31"]
[Round "4.8"]
[White "Kachiani-G, Ketino"]
[Black "Nemcova, Katerina"]
[Result "1-0"]
[WhiteElo "2404"]
[BlackElo "2255"]
[PlyCount "97"]
[EventDate "2007.10.28"]
[EventType "team"]
[EventRounds "9"]
[EventCountry "GRE"]
[Source "lmi"]
[SourceDate "2007.10.28"]
[WhiteTeam "Germany"]
[BlackTeam "Czech Republic"]
[WhiteTeamCountry "GER"]
[BlackTeamCountry "CZE"]

1. d4 d5 2. c4 c6 3. Nf3 Nf6 4. e3 e6 5. Nbd2 Nbd7 6. Bd3 Bd6 7. O-O O-O 8. e4
e5 9. cxd5 cxd5 10. exd5 exd4 11. Ne4 Qc7 12. Nxd6 Qxd6 13. Nxd4 Ne5 14. Nb5
Qxd5 15. Nc7 Qd8 16. Bxh7+ Kxh7 17. Qxd8 Rxd8 18. Nxa8 Bf5 19. Nc7 Rd7 20. Nb5
Bd3 21. Nxa7 Bxf1 22. Kxf1 Nd3 23. Ke2 Ne4 24. f3 Nec5 25. Be3 Re7 26. Kd2 Rd7
27. Bxc5 Nxc5+ 28. Kc2 Nd3 29. a3 Nf4 30. g3 Nd5 31. Nb5 Ne3+ 32. Kc3 Nd1+ 33.
Kc2 Ne3+ 34. Kb3 Rd2 35. Kc3 Rxh2 36. Nd6 b6 37. Nxf7 Nf5 38. g4 Nh4 39. Ne5
Rf2 40. Rh1 g5 41. Rd1 Kg7 42. Rd6 Re2 43. Nd3 Nxf3 44. Rxb6 Re3 45. Rb5 Kg6
46. a4 Re4 47. Rb4 Re3 48. a5 Ne5 49. Rd4 1-0

[Event "European Team-ch 2007 Femenino"]
[Site "Creta GRE"]
[Date "2007.10.31"]
[Round "4.8"]
[White "Blazkova, Petra"]
[Black "Michna, Marta"]
[Result "1/2-1/2"]
[WhiteElo "2239"]
[BlackElo "2375"]
[PlyCount "70"]
[EventDate "2007.10.28"]
[EventType "team"]
[EventRounds "9"]
[EventCountry "GRE"]
[Source "lmi"]
[SourceDate "2007.10.28"]
[WhiteTeam "Czech Republic"]
[BlackTeam "Germany"]
[WhiteTeamCountry "CZE"]
[BlackTeamCountry "GER"]

1. e4 e6 2. d4 d5 3. exd5 exd5 4. c4 Nf6 5. Nc3 Bb4 6. Bd3 O-O 7. Nge2 dxc4 8.
Bxc4 h6 9. O-O Nc6 10. Bf4 Bd6 11. Qd2 Bf5 12. Rad1 a6 13. Ng3 Bh7 14. Rfe1 Qd7
15. Bxd6 Qxd6 16. Nge4 Nxe4 17. Nxe4 Bxe4 18. Rxe4 Rad8 19. Bb3 Ne7 20. Re5 Qf6
21. Qe3 Ng6 22. Re4 c6 23. g3 Rd7 24. h4 Ne7 25. Rf4 Qd6 26. Qf3 Nd5 27. Rf5
Re8 28. Bxd5 cxd5 29. Qc3 f6 30. Re1 Re4 31. Rxe4 dxe4 32. Qc8+ Kh7 33. Kg2
Qxd4 34. Qe8 Rd5 35. h5 Rxf5 1/2-1/2

[Event "European Team-ch 2007 Femenino"]
[Site "Creta GRE"]
[Date "2007.10.31"]
[Round "4.8"]
[White "Ohme, Melanie"]
[Black "Hodova, Lucie"]
[Result "1-0"]
[WhiteElo "2274"]
[BlackElo "2089"]
[PlyCount "105"]
[EventDate "2007.10.28"]
[EventType "team"]
[EventRounds "9"]
[EventCountry "GRE"]
[Source "lmi"]
[SourceDate "2007.10.28"]
[WhiteTeam "Germany"]
[BlackTeam "Czech Republic"]
[WhiteTeamCountry "GER"]
[BlackTeamCountry "CZE"]

1. e4 c5 2. Nf3 d6 3. d4 cxd4 4. Nxd4 Nf6 5. Nc3 a6 6. Be3 e5 7. Nf3 Be7 8. Bc4
O-O 9. O-O Be6 10. Bb3 h6 11. Qe2 Qc7 12. Rfd1 Nbd7 13. Ne1 Rac8 14. Rd2 Qc6
15. f3 Nb6 16. Nd3 Nc4 17. Bxc4 Bxc4 18. Qf2 Bxd3 19. Rxd3 b5 20. a3 Rfd8 21.
Rad1 Qc4 22. g4 b4 23. b3 Qc6 24. axb4 Qb7 25. Bb6 Rd7 26. Ba5 Rc6 27. Nd5 Nxd5
28. Rxd5 Qc8 29. c4 Rb7 30. Qa2 Qe6 31. Qa4 Rc8 32. b5 axb5 33. Rxb5 Rxb5 34.
Qxb5 h5 35. h3 Qh6 36. Bd2 Qf6 37. Kg2 Qh4 38. Qb7 Re8 39. b4 g6 40. Qd5 Kg7
41. Be1 Qg5 42. Qd2 Qf6 43. Ra1 Rc8 44. Qd5 hxg4 45. fxg4 Rh8 46. b5 Rb8 47.
Bd2 Qh4 48. Rf1 f6 49. Qe6 Rb7 50. Ra1 Bd8 51. Ra8 f5 52. exf5 gxf5 53. Qc8 1-0

[Event "European Team-ch 2007 Femenino"]
[Site "Creta GRE"]
[Date "2007.10.31"]
[Round "4.9"]
[White "Danielian, Elina"]
[Black "Drljevic, Ljilja"]
[Result "1-0"]
[WhiteElo "2458"]
[BlackElo "2270"]
[PlyCount "69"]
[EventDate "2007.10.28"]
[EventType "team"]
[EventRounds "9"]
[EventCountry "GRE"]
[Source "lmi"]
[SourceDate "2007.10.28"]
[WhiteTeam "Armenia"]
[BlackTeam "MNE"]
[WhiteTeamCountry "ARM"]

1. d4 d6 2. Nf3 Nd7 3. e4 e5 4. Bc4 Be7 5. dxe5 Nxe5 6. Nxe5 dxe5 7. Qh5 g6 8.
Qxe5 Nf6 9. Bh6 Rg8 10. Bg5 Qd6 11. Qxd6 cxd6 12. Nc3 Be6 13. Bxe6 fxe6 14.
O-O-O Kf7 15. f3 Rac8 16. e5 Nd5 17. Bxe7 Nxc3 18. exd6 Nxd1 19. Rxd1 Ke8 20.
d7+ Kxe7 21. dxc8=Q Rxc8 22. Rd4 Rc7 23. Kd2 Kf6 24. Kd3 Kf5 25. c4 g5 26. b4
h5 27. c5 g4 28. f4 e5 29. fxe5 Kxe5 30. Kc4 b5+ 31. Kd3 a5 32. bxa5 Rxc5 33.
a6 Rc1 34. Rb4 Ra1 35. a4 1-0

[Event "European Team-ch 2007 Femenino"]
[Site "Creta GRE"]
[Date "2007.10.31"]
[Round "4.9"]
[White "Vojinovic, Jovana"]
[Black "Mkrtchian, Lilit"]
[Result "1-0"]
[WhiteElo "2227"]
[BlackElo "2402"]
[PlyCount "67"]
[EventDate "2007.10.28"]
[EventType "team"]
[EventRounds "9"]
[EventCountry "GRE"]
[Source "lmi"]
[SourceDate "2007.10.28"]
[WhiteTeam "MNE"]
[BlackTeam "Armenia"]
[BlackTeamCountry "ARM"]

1. d4 d5 2. c4 e6 3. Nc3 Be7 4. cxd5 exd5 5. Bf4 c6 6. e3 Bf5 7. Bd3 Bxd3 8.
Qxd3 Nf6 9. Nge2 O-O 10. O-O Na6 11. a3 Nc7 12. b4 a6 13. f3 Ne6 14. e4 a5 15.
e5 Nd7 16. b5 c5 17. Nxd5 cxd4 18. Bg3 Ndc5 19. Qc4 Rc8 20. Rad1 d3 21. Nc1 Kh8
22. Nxe7 Qxe7 23. Nxd3 Nd7 24. Qa2 Rc3 25. a4 Ra3 26. Qc2 Nb6 27. Qf2 Nxa4 28.
f4 Nc3 29. Rde1 Nxb5 30. Nb2 Ra2 31. f5 Ned4 32. f6 gxf6 33. Bh4 Rxb2 34. Bxf6+
1-0

[Event "European Team-ch 2007 Femenino"]
[Site "Creta GRE"]
[Date "2007.10.31"]
[Round "4.9"]
[White "Aginian, Nelly"]
[Black "Mijovic, Aleksandra"]
[Result "1/2-1/2"]
[WhiteElo "2261"]
[BlackElo "2198"]
[PlyCount "151"]
[EventDate "2007.10.28"]
[EventType "team"]
[EventRounds "9"]
[EventCountry "GRE"]
[Source "lmi"]
[SourceDate "2007.10.28"]
[WhiteTeam "Armenia"]
[BlackTeam "MNE"]
[WhiteTeamCountry "ARM"]

1. e4 c5 2. Nf3 e6 3. d4 cxd4 4. Nxd4 Nf6 5. Nc3 d6 6. Be3 Nc6 7. f3 Be7 8. Qd2
O-O 9. O-O-O d5 10. exd5 Nxd5 11. Nxd5 Qxd5 12. c4 Qe5 13. Nxc6 bxc6 14. Bd3
Rd8 15. Rhe1 Bf6 16. Bf4 Qc5 17. h4 Rd7 18. Bg5 Bd4 19. Be3 e5 20. f4 Ba6 21.
fxe5 Rad8 22. Bxd4 Rxd4 23. Qc2 Bxc4 24. Bxh7+ Kh8 25. Rxd4 Qxd4 26. Be4 Bxa2
27. Qc3 Qf2 28. Qe3 Qxe3+ 29. Rxe3 Bd5 30. Kc2 Kg8 31. g3 Kf8 32. Bf5 Rb8 33.
Ra3 Rb7 34. Kc3 Ke7 35. b4 g6 36. Bg4 Be6 37. Bf3 Bd5 38. Bg4 Be6 39. Bf3 Bd5
40. Bxd5 cxd5 41. Ra6 Rc7+ 42. Kd4 Rc4+ 43. Kxd5 Rxb4 44. Rxa7+ Kf8 45. Ra3 Kg7
46. Rf3 Rb5+ 47. Kd6 Rb6+ 48. Kc5 Re6 49. Kd5 Ra6 50. Re3 Ra5+ 51. Ke4 Ra4+ 52.
Kf3 Ra6 53. Kf4 Kh6 54. g4 Ra4+ 55. Re4 Ra6 56. Rb4 Ra7 57. Ke4 Ra1 58. Rb6 Kg7
59. h5 gxh5 60. gxh5 Rd1 61. h6+ Kg8 62. Rd6 Re1+ 63. Kd5 Rd1+ 64. Kc6 Re1 65.
Kd5 Rd1+ 66. Ke4 Re1+ 67. Kf5 Rf1+ 68. Kg5 Rg1+ 69. Kf6 Rf1+ 70. Ke7 Rf5 71.
Rd8+ Kh7 72. Rf8 Rxe5+ 73. Kf6 Re6+ 74. Kxf7 Rxh6 75. Ke7 Ra6 76. Rf7+ 1/2-1/2

[Event "European Team-ch 2007 Femenino"]
[Site "Creta GRE"]
[Date "2007.10.31"]
[Round "4.9"]
[White "Misovic, Sanja"]
[Black "Aghabekian, Liana"]
[Result "1/2-1/2"]
[WhiteElo "1876"]
[BlackElo "2190"]
[PlyCount "136"]
[EventDate "2007.10.28"]
[EventType "team"]
[EventRounds "9"]
[EventCountry "GRE"]
[Source "lmi"]
[SourceDate "2007.10.28"]
[WhiteTeam "MNE"]
[BlackTeam "Armenia"]
[BlackTeamCountry "ARM"]

1. d4 Nf6 2. c4 c5 3. d5 b5 4. cxb5 a6 5. b6 e6 6. Nc3 Qxb6 7. e4 Be7 8. Bc4
O-O 9. b3 exd5 10. Nxd5 Nxd5 11. Bxd5 Bb7 12. Nf3 Bf6 13. e5 Re8 14. Bf4 d6 15.
Bxb7 Qxb7 16. O-O dxe5 17. Bxe5 Bxe5 18. Nxe5 Nc6 19. Nxc6 Qxc6 20. Qc2 Re5 21.
Rfe1 Rae8 22. Rxe5 Rxe5 23. Rc1 g6 24. h3 Rg5 25. g3 Qe6 26. h4 Re5 27. Qc4 Qf6
28. Qc3 Qd6 29. Re1 Rxe1+ 30. Qxe1 Qd4 31. Qa5 Qd6 32. Qc3 Qd5 33. Qa5 Qd6 34.
Qc3 Qc6 35. Qa5 Qc8 36. Qc3 Qc7 37. Qc4 Qb6 38. Qa4 Kg7 39. Qc4 h5 40. Qc3+ Kg8
41. Qc4 Kf8 42. Qc3 Qd6 43. Qe3 Qd5 44. Qe2 Qd6 45. Qe3 Qb6 46. Qc3 Qd6 47. Qe3
Qd1+ 48. Kg2 Qc2 49. a4 Qf5 50. Kg1 Qd5 51. Kh2 a5 52. Kg1 Qd1+ 53. Kg2 Qd5+
54. Kg1 Qd4 55. Qe2 Qb4 56. Qe3 c4 57. bxc4 Qxa4 58. Qc5+ Kg8 59. Qd4 Qb4 60.
Qd8+ Kg7 61. Qd4+ Kg8 62. Qd8+ Kg7 63. Qd4+ Kf8 64. Qd8+ Kg7 65. Qd4+ Kg8 66.
Qd8+ Kg7 67. Qd4+ Kg8 68. Qd8+ Kg7 1/2-1/2

[Event "European Team-ch 2007 Femenino"]
[Site "Creta GRE"]
[Date "2007.10.31"]
[Round "4.10"]
[White "Klinova, Masha"]
[Black "Houska, Jovanka"]
[Result "1/2-1/2"]
[WhiteElo "2326"]
[BlackElo "2404"]
[PlyCount "101"]
[EventDate "2007.10.28"]
[EventType "team"]
[EventRounds "9"]
[EventCountry "GRE"]
[Source "lmi"]
[SourceDate "2007.10.28"]
[WhiteTeam "Israel"]
[BlackTeam "England"]
[WhiteTeamCountry "ISR"]
[BlackTeamCountry "ENG"]

1. e4 e5 2. Nf3 Nc6 3. Bc4 Nf6 4. d3 Be7 5. O-O O-O 6. Bb3 d6 7. c3 Be6 8. Nbd2
d5 9. Re1 Bd6 10. Nf1 h6 11. Ng3 Re8 12. h3 a6 13. Nh4 Na5 14. Bc2 dxe4 15.
dxe4 Bf8 16. Qf3 g6 17. Be3 Nc4 18. Rad1 Qe7 19. Bc1 Bg7 20. Qe2 Red8 21. Nf3
Nd7 22. Nf5 Qf8 23. Nxg7 Kxg7 24. b3 Nd6 25. Ba3 b5 26. Rd2 c5 27. Red1 Nb7 28.
Nh2 Nf6 29. Qe3 Rxd2 30. Rxd2 Rd8 31. Nf3 Rxd2 32. Qxd2 Nd7 33. Nh2 Qd6 34. Qe3
f6 35. Bc1 g5 36. Nf1 c4 37. b4 Qb6 38. Qe2 Nd6 39. Ng3 Nf8 40. Nh5+ Kf7 41.
Qf3 Ne8 42. h4 Kg6 43. hxg5 hxg5 44. Ng3 Ng7 45. Nf5 Kf7 46. Ne3 Qd8 47. Nd5
Kg6 48. Qe3 Bc8 49. Qc5 Bb7 50. Ne7+ Kf7 51. Nd5 1/2-1/2

[Event "European Team-ch 2007 Femenino"]
[Site "Creta GRE"]
[Date "2007.10.31"]
[Round "4.10"]
[White "Igla, Bella"]
[Black "Lauterbach, Ingrid"]
[Result "0-1"]
[WhiteElo "2291"]
[BlackElo "2124"]
[PlyCount "104"]
[EventDate "2007.10.28"]
[EventType "team"]
[EventRounds "9"]
[EventCountry "GRE"]
[Source "lmi"]
[SourceDate "2007.10.28"]
[WhiteTeam "Israel"]
[BlackTeam "England"]
[WhiteTeamCountry "ISR"]
[BlackTeamCountry "ENG"]

1. d4 d6 2. c4 e5 3. Nc3 exd4 4. Qxd4 Nc6 5. Qd2 g6 6. b3 Bg7 7. Bb2 Nf6 8. g3
O-O 9. Nh3 Re8 10. Nf4 Bf5 11. Bg2 Ne4 12. Nxe4 Bxe4 13. f3 Bf5 14. Bxg7 Kxg7
15. Qc3+ f6 16. O-O Ne5 17. Rad1 Bd7 18. e4 a5 19. Nd5 Nf7 20. Rd2 c6 21. Ne3
Qc8 22. Rfd1 Be6 23. f4 Bh3 24. Bf3 h5 25. c5 dxc5 26. Qxc5 Qc7 27. e5 fxe5 28.
f5 Qe7 29. Qc2 Qg5 30. f6+ Qxf6 31. Rf2 Qg5 32. Nc4 Red8 33. Re1 Bf5 34. Qb2
Re8 35. Qc3 Rad8 36. Nxa5 Rd3 37. Qb4 e4 38. Bxe4 Bxe4 39. Rxe4 Rd1+ 40. Kg2
Rxe4 41. Qxe4 Qxa5 42. Rxf7+ Kxf7 43. Qf3+ Ke7 44. Qxd1 Qxa2+ 45. Kh3 Qf2 46.
Qa1 Qf5+ 47. Kg2 Qd5+ 48. Kg1 Qxb3 49. Qe5+ Qe6 50. Qc7+ Qd7 51. Qe5+ Kf7 52.
Qf4+ Kg7 0-1

[Event "European Team-ch 2007 Femenino"]
[Site "Creta GRE"]
[Date "2007.10.31"]
[Round "4.10"]
[White "Chevannes, Sabrina L"]
[Black "Atnilov, Bela"]
[Result "1/2-1/2"]
[WhiteElo "2073"]
[BlackElo "2170"]
[PlyCount "89"]
[EventDate "2007.10.28"]
[EventType "team"]
[EventRounds "9"]
[EventCountry "GRE"]
[Source "lmi"]
[SourceDate "2007.10.28"]
[WhiteTeam "England"]
[BlackTeam "Israel"]
[WhiteTeamCountry "ENG"]
[BlackTeamCountry "ISR"]

1. d4 Nf6 2. Nf3 c5 3. d5 b5 4. c4 Bb7 5. Nfd2 bxc4 6. e4 e6 7. Nc3 e5 8. Bxc4
d6 9. O-O Be7 10. Ne2 O-O 11. Ng3 Nbd7 12. Re1 g6 13. Qf3 Ne8 14. Ndf1 Ng7 15.
Qd3 f5 16. f4 fxe4 17. Qxe4 Kh8 18. fxe5 Nxe5 19. Bd2 Nxc4 20. Qxc4 Bf6 21. Kh1
Bd4 22. Be3 Be5 23. Bd2 Qf6 24. Bc3 Bxc3 25. bxc3 Qg5 26. Rad1 Rae8 27. Rxe8
Rxe8 28. Qb3 Ba6 29. c4 Qf4 30. Qa4 Qxc4 31. Qd7 Qxa2 32. Rd2 Qb1 33. Rf2 Bxf1
34. Nxf1 Qb8 35. Rf7 Rf8 36. Qxa7 Qe8 37. Rxf8+ Qxf8 38. Kg1 Nf5 39. Qd7 Nd4
40. Ng3 Qf4 41. Qe8+ Kg7 42. Qe7+ Kg8 43. Qe8+ Kg7 44. Qe7+ Kg8 45. Qe8+
1/2-1/2

[Event "European Team-ch 2007 Femenino"]
[Site "Creta GRE"]
[Date "2007.10.31"]
[Round "4.11"]
[White "Kadimova, Ilaha"]
[Black "Topel, Zehra"]
[Result "1-0"]
[WhiteElo "2311"]
[BlackElo "2246"]
[PlyCount "99"]
[EventDate "2007.10.28"]
[EventType "team"]
[EventRounds "9"]
[EventCountry "GRE"]
[Source "lmi"]
[SourceDate "2007.10.28"]
[WhiteTeam "Azerbaijan"]
[BlackTeam "Turkey"]
[WhiteTeamCountry "AZE"]
[BlackTeamCountry "TUR"]

1. d4 Nf6 2. c4 g6 3. Nc3 Bg7 4. e4 d6 5. Be2 O-O 6. Nf3 e5 7. Be3 Ng4 8. Bg5
f6 9. Bh4 Nc6 10. d5 Ne7 11. Nd2 Nh6 12. O-O g5 13. Bg3 f5 14. exf5 Nhxf5 15.
Bh5 Nd4 16. Nde4 Nef5 17. c5 dxc5 18. Nxc5 Qe7 19. N5e4 c6 20. Be2 Nxg3 21.
hxg3 cxd5 22. Nxd5 Qd8 23. Ne3 Kh8 24. Bc4 b6 25. Qh5 h6 26. Rad1 Qe8 27. Qh2
Qg6 28. Bd3 h5 29. g4 h4 30. Ng3 Qf6 31. Nef5 Nxf5 32. Bxf5 Bxf5 33. Nxf5 Rfd8
34. Qh3 Qc6 35. Qb3 e4 36. Rc1 Qd5 37. Qe3 Bxb2 38. Qxg5 Rd7 39. Rc2 Rg7 40.
Qe3 Be5 41. Nxg7 Bxg7 42. Re1 Re8 43. Rc7 Qd6 44. Rc4 Bh6 45. g5 Qd5 46. Rxe4
Rxe4 47. Qxe4 Qxe4 48. Rxe4 Bxg5 49. Re8+ Kg7 50. Ra8 1-0

[Event "European Team-ch 2007 Femenino"]
[Site "Creta GRE"]
[Date "2007.10.31"]
[Round "4.12"]
[White "Medic, Mirjana"]
[Black "Petraki, Maria"]
[Result "1-0"]
[WhiteElo "2240"]
[BlackElo "2099"]
[PlyCount "65"]
[EventDate "2007.10.28"]
[EventType "team"]
[EventRounds "9"]
[EventCountry "GRE"]
[Source "lmi"]
[SourceDate "2007.10.28"]
[WhiteTeam "Croatia"]
[BlackTeam "GRE2"]
[WhiteTeamCountry "CRO"]

1. d4 Nf6 2. c4 g6 3. g3 Bg7 4. Bg2 d5 5. cxd5 Nxd5 6. Nf3 O-O 7. O-O Nc6 8. e4
Nb6 9. d5 Na5 10. Nc3 c6 11. Bg5 cxd5 12. exd5 Nac4 13. Qe2 Re8 14. Rac1 h6 15.
b3 hxg5 16. bxc4 e6 17. Rfe1 Bd7 18. d6 Rc8 19. Nd2 Bc6 20. Bxc6 Rxc6 21. Nb5
Rf8 22. c5 Nd5 23. Nb3 a6 24. Na7 Rc8 25. Nxc8 Qxc8 26. Qc4 Rd8 27. Red1 Qd7
28. Rxd5 exd5 29. Qxd5 Qb5 30. Re1 Bf6 31. Re4 Kg7 32. a4 Qd7 33. Rb4 1-0